Представление документа в формате MARC21

Поле Инд. ПП Название Значение
Тип записи a
Библиографический уровень b
001 Контрольный номер RU/IS/BASE/264553960
005 Дата корректировки 20200630211034.7
008 Кодируемые данные 19970521
084 a Индекс другой классификации/Индекс ББК 63.3(2)631-7ю11; 72.3(2)6
245 10 a Заглавие Выборы или выбор?
b Продолж. заглавия К истории избрания президента Академии наук СССР. Июль 1945 г.
c Ответственность Публикация В. В. Крылова
504 00 a Библиография Примеч.
520 00 a Аннотация Справка Наркомата государственной безопасности СССР о научной и общественной деятельности действительных членов Академии наук СССР от 8 июля 1945 г.
600 14 a Персоналии Байков Александр Александрович
a Персоналии Бардин Иван Павлович
a Персоналии Вавилов Сергей Иванович
a Персоналии Виноградов Иван Матвеевич
a Персоналии Волгин Вячеслав Петрович
a Персоналии Гребенщиков Илья Васильевич
a Персоналии Греков Борис Дмитриевич
a Персоналии Заварицкий Александр Николаевич
a Персоналии Зелинский Николай Дмитриевич
a Персоналии Колмогоров Андрей Николаевич
a Персоналии Комаров Владимир Леонтьевич
a Персоналии Курчатов Игорь Васильевич
a Персоналии Лысенко Трофим Денисович
a Персоналии Мещанинов Иван Иванович
a Персоналии Мусхелишвили Николай Иванович
a Персоналии Наметкин Сергей Семенович
a Персоналии Несмеянов Александр Николаевич
a Персоналии Обручев Владимир Афанасьевич
a Персоналии Орбели Леон Абгарович
a Персоналии Смирнов Сергей Сергеевич
a Персоналии Соболев Сергей Львович
a Персоналии Христианович Сергей Алексеевич
a Персоналии Чудаков Евгений Алексеевич
650 04 a Основная рубрика история
a Основная рубрика история науки
a Основная рубрика наука
653 00 a Ключевые слова XX век
a Ключевые слова Академия наук СССР
a Ключевые слова Россия
a Ключевые слова советский период
a Ключевые слова СССР
a Ключевые слова ученые
700 10 a Автор Крылов В. В.
e Роль лиц автор публикации
773 00 t Заглавие источника Исторический архив
d Дата издания источника 1996
g Прочая информация № 2. - С. 144 - 153
w Контрольный № источника RU/IS/BASE/142005402
901 t Тип документа b